"Скворешниц вольных гражданин..." (Запись № 1400305)

Подробности
000 -МАРКЕР
контрольное поле 01369nam0a2200313 4500
001 - ИДЕНТИФИКАТОР ЗАПИСИ
контрольное поле RU\NLR\bibl\244429
005 - ИДЕНТИФИКАТОР ВЕРСИИ
контрольное поле 20260406155319.0
010 ## - МЕЖДУНАРОДНЫЙ СТАНДАРТНЫЙ НОМЕР КНИГИ (ISBN)
Номер (ISBN) 5-89329-452-1
Тираж 1000
021 ## - НОМЕР ГОСУДАРСТВЕННОЙ РЕГИСТРАЦИИ
Код страны российская федерация
Номер 2001-65198
Номер Листа государственной регистраци 3168
035 ## - ДРУГИЕ СИСТЕМНЫЕ НОМЕРА
Идентификатор записи (NLR Aleph) 000240291
100 ## - ДАННЫЕ ОБЩЕЙ ОБРАБОТКИ
Данные общей обработки 20020329d2001 |||y0rusy50 ca
101 0# - ЯЗЫК РЕСУРСА
Язык текста, звукозаписи и т.д. русский
102 ## - СТРАНА ПУБЛИКАЦИИ ИЛИ ПРОИЗВОДСТВА
Страна публикации российская федерация
105 ## - ПОЛЕ КОДИРОВАННЫХ ДАННЫХ: ТЕКСТОВЫЕ МАТЕРИАЛЫ, МОНОГРАФИЧЕСКИЕ
Кодированные данные о монографическом текстовом документе c |||||||||
200 1# - ЗАГЛАВИЕ И СВЕДЕНИЯ ОБ ОТВЕТСТВЕННОСТИ
Основное заглавие "Скворешниц вольных гражданин..."
Сведения, относящиеся к заглавию Вячеслав Иванов: путь поэта между мирами
Первые сведения об ответственности С.С. Аверинцев
210 ## - ПУБЛИКАЦИЯ, РАСПРОСТРАНЕНИЕ И ДР.
Место издания, распространения и т.д. СПб.
Имя издателя, распространителя и т. д. Алетейя
Дата издания, распространения и т.д. 2001
215 ## - ФИЗИЧЕСКАЯ ХАРАКТЕРИСТИКА
Специфическое обозначение материала и объем 167 с.
Другие сведения о физической характеристике портр.
Размеры 17
320 ## - ПРИМЕЧАНИЯ О НАЛИЧИИ В ДОКУМЕНТЕ БИБЛИОГРАФИИ / УКАЗАТЕЛЯ
Текст примечания Библиогр. в подстроч. примеч.
600 #1 - ИМЯ ЛИЦА КАК ПРЕДМЕТ
Начальный элемент ввода Иванов
Часть имени, кроме начального элемента ввода В. И.
Даты 1866 - 1949
Расширение инициалов личного имени Вячеслав Иванович
Системный номер авторитетной/нормативной записи 919528
Идентификатор авторитетной/нормативной записи RU\NLR\auth\6617854
686 ## - ИНДЕКСЫ ДРУГИХ КЛАССИФИКАЦИЙ
Индекс Ш5(2=Р)53-4Иванов
700 #1 - ИМЯ ЛИЦА - ПЕРВИЧНАЯ ОТВЕТСТВЕННОСТЬ
Код отношения Автор
Материалы, к которым относится поле rus
Графика поля Кириллица
Начальный элемент ввода Аверинцев
Часть имени, кроме начального элемента ввода С. С.
Даты 1937-2004
Расширение инициалов личного имени Сергей Сергеевич
Идентификатор авторитетной/нормативной записи RU\NLR\auth\7733404
Системный номер авторитетной/нормативной записи 16412
702 #1 - ИМЯ ЛИЦА - ВТОРИЧНАЯ ОТВЕТСТВЕННОСТЬ
Код отношения Прочие
Материалы, к которым относится поле rus
Графика поля Кириллица
Начальный элемент ввода Иванов
Часть имени, кроме начального элемента ввода В. И.
Дополнения к именам, кроме дат поэт, переводчик
Даты 1866-1949
Расширение инициалов личного имени Вячеслав Иванович
Идентификатор авторитетной/нормативной записи RU\NLR\auth\777565
Системный номер авторитетной/нормативной записи 117498
801 #0 - ИСТОЧНИК ЗАПИСИ
Страна российская федерация
Организация NLR
Дата составления 20020329
Правила каталогизации PSBO
801 #1 - ИСТОЧНИК ЗАПИСИ
Страна российская федерация
Организация NLR
Дата составления 20020329
942 ## - ДОПОЛНИТЕЛЬНЫЕ ЭЛЕМЕНТЫ ЗАПИСИ (АБИС)
Тип экземпляра АБИС Книга
980 ## - КОЛЛЕКЦИЯ
Название коллекции Национальная библиография
Экземпляры
Тип экземпляра Дата поступления Источник поступления Стоимость Библиотека постоянного хранения Библиотека текущего хранения Место хранения Шифр хранения Штрих-код Статус не для выдачи
Книга 29.03.2002 Покупка 45.00 РНБ (Московский) РНБ (Московский) Русский книжный фонд: издания с 1957 года, 8этаж 2002-2/1254 1-1714829  
Книга 29.03.2002 Обязательный экземпляр 0.00 РНБ (Московский) РНБ (Московский) Фонд общего зала литературы по филологии, педагогике и искусству (гуманитарной литературы) Л1 Ш5(2=Р)6-4/И-201-А 1-279786  
Книга 27.05.2002 Обязательный экземпляр   РНБ (Московский) РНБ (Московский) Русский книжный фонд: издания с 1957 года, 8этаж 2002-2/1254 274029  
Книга 29.03.2002 Покупка 45.00 РНБ (Садовая) РНБ (Садовая) Фонд научного зала литературы и искусства Л2 Ш5(2=Р)5/И-201а 1-215338